000 01172nac a22002891u 4500
010 _a 96012883
020 _a3540607099 (alk. paper)
082 0 0 _a338.90091724
_bAHI
090 _c5403
_d5403
100 _aAhlburg, Dennis A.
245 1 4 _aThe impact of population growth on well-being in developing countries /
_cDennis A Ahlburg, Allen C. Kelley, Karen Oppenheim Mason.
260 _aBerlin ;
_aNew York :
_bSpringer,1996
_c1996.
300 _a360 p. :
_bill. ;
_c24 cm.
440 0 _aPopulation economics
500 _adistributer: Al-Ahram
504 _aIncludes bibliographical references.
511 _acatalogued by: wessam
650 0 _aBirth control
_zDeveloping countries.
650 0 _aEconomic development.
651 0 _aDeveloping countries
_xPopulation
_xEconomic aspects.
651 0 _aDeveloping countries
_xPopulation policy.
651 0 _aDeveloping countries
_xEconomic conditions.
700 1 _aKelley, Allen C.
700 1 _aMason, Karen Oppenheim.
942 _cBB
_k338.90091724AHI
999 _c5403
_d5403